000 00522nam a2200193Ia 4500
005 20250603145134.0
008 250603s9999 xx 000 0 und d
020 _a9788185618517
050 _aPE 1128 .M773/
100 _aMurphy, Raymond
245 0 _aIntermediate English grammar : reference and practice for South Asian students : with answers
250 _a2nd. ed.
260 _aNew Delhi
260 _bCambridge University Press
260 _c2010
300 _a350 p
650 _aNew Delhi
942 _cBK
999 _c40990
_d40990